The religious itinerary of a Ghanaian people : (Record no. 7690)
[ view plain ]
| 000 -LEADER | |
|---|---|
| fixed length control field | 00786nam a22001817a 4500 |
| 020 ## - INTERNATIONAL STANDARD BOOK NUMBER | |
| ISBN | 9964877072 |
| 020 ## - INTERNATIONAL STANDARD BOOK NUMBER | |
| ISBN | 9789964877071 |
| 050 ## - CALL NUMBER | |
| Classification number | BR1367.K37 |
| Item number | .H83 |
| 100 ## - AUTHOR | |
| Personal name | Howell, Allison M |
| 245 ## - TITLE | |
| Title | The religious itinerary of a Ghanaian people : |
| Remainder of title | the Kasena and the Christian gospel |
| Statement of responsibility, etc | Allison M Howell |
| 260 ## - PUBLICATION INFORMATION | |
| Place of publication | Achimoto, Ghana : |
| Name of publisher | Africa Christian Press, |
| Year of publication | 2001. |
| 300 ## - DESCRIPTION | |
| Number of Pages | xx, 394 p. : |
| Other physical details | ill. ; |
| Dimensions | 22 cm |
| 505 ## - FORMATTED CONTENTS NOTE | |
| Table of Content | the impact of the gospel and the religious itinerary--<br/>The context of Kasena life and thought <br/>Family life--<br/>The introduction of WE choga to the Kasena--<br/> <br/> |
| 650 ## - SUBJECTS | |
| Topical Term | Kasem (African people) -- Religion. |
| 650 ## - SUBJECTS | |
| Topical Term | Church history -- 20th century. |
| 650 ## - SUBJECTS | |
| Topical Term | Ghana -- Church history -- 20th century. |
| 942 ## - ADDED ENTRY ELEMENTS (KOHA) | |
| Koha item type | Books |
| Withdrawn status | Lost status | Collection code | Home library | Current library | Shelving location | Date acquired | Full call number | Accession Number | Koha item type |
|---|---|---|---|---|---|---|---|---|---|
| Reference | Methodist University Library Main | Methodist University Library Main | General Stacks | 08/07/2006 | BR1367.K37 .H83 | 25986 | Books |